DIRECTORIO

Na minha lista:
Detalhes bibliográficos
Autor Corporativo: Iglesia Católica en México. Conferencia del Episcopado Mexicano
Formato: Livro
Assuntos:
Tags: Adicionar Tag
Sem tags, seja o primeiro a adicionar uma tag!

MARC

LEADER 00000nam^a2200000^a^4500
001 000212984
005 20250521000000.0
009 20260310103513.306
035 |a 014964 
037 |a Acervo Xavier Clavigero 
082 |a 262. 3  |b IGL 
110 |a Iglesia Católica en México.  |b Conferencia del Episcopado Mexicano 
245 1 0 |a DIRECTORIO 
264 |a MEXICO :  |b CEM,  |c 1980 
300 |a 75 p. 
336 |a texto  |b txt  |2 rdacontenido 
337 |a sin mediación  |b n  |2 rdamedio 
338 |a volumen  |b nc  |2 rdasoporte 
649 |a XX 
650 |a Iglesia Católica en México -  |x Directorios 
910 |a Fondo General 
920 |a Impresos - Libros 
930 |a Obras de Referencia 
905 |a 102 
901 |a 014964  |b IT2  |c REF  |i 014964  |u 20250521 
901 |a 051539  |b IT2  |c REF  |i 051539  |u 20250521 
902 |a https://opac.biblio.iteso.mx/vufind/Record/000212984